000 00449nam a2200181Ia 4500
005 20250508152644.0
008 008 250505s9999 xx 000 0 hin d
037 _aTextual
040 _aFEDL
_beng
_cFEDL
041 _ahin
_2eng
084 _a301.15, RAD
_qFEDL
100 _aRadha Krishna
245 0 _aDharam aure samaj
300 _a294p
650 _aSociology
942 _cTEXL
_h301.15, RAD
999 _c1337842
_d1337842